000 00977nam a22002777a 4500
001 BR8904265
003 BR-BrBNA
005 20230928093306.0
007 ta
008 230509b bl.||||| |||| 00| 0 por d
040 _aBR-BrBNA
_bpor
_cBiblioteca Nacional de Agricultura
041 _a(Por)
072 _aQ54
_b8951
_b1930
090 _ 8951 BR8904265
100 1 _aReis, R.A.
110 1 _aUniversidade Federal de Vicosa, MG (Brasil)
_0Tese (Doctor Scientiae)
245 1 _aEfeitos da aplicacao de amonia anidra sobre o valor nutritivo dos fenos de gramineas forrageiras de clima tropical
260 3 _aVicosa, MG (Brasil):
_c1989.
300 _a120 p.
500 _a8 illus.; 17 tables; Bibliography p. 104-111 (82 ref.); Summaries (Eng, Por). (*) Documento disponível na(o) Universidade Federal de Vicosa, MG (Brazil)
650 _aGRAMINEA FORRAGEIRA
650 _aFENO
650 _aVALOR NUTRITIVO
909 _a202309
_bLucia
_c55
_dLucia Elande
942 _cBK
999 _c44125
_d44125